Metagenomics : Basics, Methods and Applications (Record no. 49660)

MARC details
000 -LEADER
fixed length control field 01777nam a2200253Ia 4500
000 - LEADER
fixed length control field 02110naaa 00301uu
001 - CONTROL NUMBER
control field https://directory.doabooks.org/handle/20.500.12854/67386
005 - DATE AND TIME OF LATEST TRANSACTION
control field 20260218105827.0
008 - FIXED-LENGTH DATA ELEMENTS--GENERAL INFORMATION
fixed length control field 211013s9999 xx 000 0 und d
020 ## - INTERNATIONAL STANDARD BOOK NUMBER
International Standard Book Number 9781838800567
024 ## - OTHER STANDARD IDENTIFIER
Standard number or code 10.5772/intechopen.78746
042 ## - AUTHENTICATION CODE
Authentication code dc
100 1# - MAIN ENTRY--PERSONAL NAME
Personal name Hozzein, Wael N.
245 #0 - TITLE STATEMENT
Title Metagenomics : Basics, Methods and Applications
260 ## - PUBLICATION, DISTRIBUTION, ETC.
Name of publisher, distributor, etc. IntechOpen
Date of publication, distribution, etc. 2020
300 ## - PHYSICAL DESCRIPTION
Extent 1 electronic resource (162 p.)
520 ## - SUMMARY, ETC.
Summary, etc. This book is for the students starting their research projects in the field of metagenomics, for researchers interested in the new developments and applications in this field; and for teachers involved in teaching this subject. The book is divided into three sections as indicated from its title, namely; the basics of metagenomics, metagenomic analysis, and applications of metagenomics. It covers the basics of metagenomics from its history and background, to the analysis of metagenomic data as well as its recent applications in different fields. The book contains excellent texts at both the introductory and advanced levels, that describe the latest metagenomic approaches and applications, from sampling to data analysis for taxonomic, environmental, and medical studies. Finally, the publication of this book was an interesting journey for me and I hope the readers will enjoy reading it.
540 ## - TERMS GOVERNING USE AND REPRODUCTION NOTE
Terms governing use and reproduction Creative Commons
653 ## - INDEX TERM--UNCONTROLLED
Uncontrolled term Environmental science, engineering & technology
700 1# - ADDED ENTRY--PERSONAL NAME
Personal name Hozzein, Wael N.
856 ## - ELECTRONIC LOCATION AND ACCESS
Uniform Resource Identifier <a href="https://docs.google.com/spreadsheets/d/1yKIrdCPDAG_9c22mwoOIO2DOhtj65Wqa/edit?usp=sharing&ouid=106555315294820607512&rtpof=true&sd=true ">https://docs.google.com/spreadsheets/d/1yKIrdCPDAG_9c22mwoOIO2DOhtj65Wqa/edit?usp=sharing&ouid=106555315294820607512&rtpof=true&sd=true </a>
Link text List of Curated E-Books
942 ## - ADDED ENTRY ELEMENTS (KOHA)
Koha item type E-Book
Holdings
Withdrawn status Source of classification or shelving scheme Damaged status Not for loan Home library Current library Date acquired Total Checkouts Date last seen Price effective from Koha item type
  Library of Congress Classification   Not For Loan Directory of Open Access Books Directory of Open Access Books 12/22/2021   12/22/2021 12/22/2021 E-Book

University of Rizal System
Email us at univlibservices@urs.edu.ph

Visit our Website www.urs.edu.ph/library